Top 500 Baby Girl Names Scotland 2020 - Alphabetical - Statistics

General Stats
  • This quiz has been taken 328 times
  • The average score is 229 of 499
Answer Stats
Answer % Correct
41 A Anna
91%
417 L Lina
91%
180 E Elle
89%
207 I Isabelle
89%
190 I Isobel
89%
12 C Charlotte
86%
97 E Eve
86%
44 E Emma
85%
96 A Aila
84%
53 A Alice
84%
478 A Alivia
84%
43 A Ayla
84%
375 A Aylah
84%
1 I Isla
84%
165 L Lillie
84%
71 L Lilly
84%
10 L Lily
84%
2 O Olivia
84%
396 O Oliwia
84%
400 A Aarya
83%
69 A Abigail
83%
19 A Aria
83%
344 A Ariah
83%
372 A Ariya
83%
143 A Arya
83%
5 A Ava
83%
443 A Avah
83%
376 A Ayva
83%
163 E Emilie
83%
3 E Emily
83%
8 G Grace
83%
421 M Mary
83%
213 C Catherine
81%
7 E Ella
81%
39 I Isabella
81%
415 K Katherine
81%
35 C Chloe
80%
20 E Ellie
80%
42 E Eva
80%
113 M Maria
80%
220 A Aimee
79%
439 A Amal
79%
115 A Amy
79%
70 B Bella
79%
450 H Hana
79%
153 H Hanna
79%
22 H Hannah
79%
134 L Lara
79%
250 L Laura
79%
117 E Eliza
78%
125 E Evelyn
78%
327 K Kate
78%
300 J Jess
76%
75 K Katie
76%
73 M Mollie
76%
49 M Molly
76%
343 A Alex
75%
437 A Alix
75%
320 E Ellen
75%
102 H Hollie
75%
48 H Holly
75%
18 J Jessica
75%
47 A Ada
74%
432 A Aida
74%
91 A Ayda
74%
178 B Beth
74%
144 C Clara
74%
87 E Elizabeth
74%
4 F Freya
74%
410 F Freyja
74%
27 I Ivy
74%
389 K Klara
74%
55 R Rose
74%
315 A Allie
73%
479 A Ally
73%
9 A Amelia
73%
105 A Annie
73%
38 D Daisy
73%
98 A Abbie
71%
314 A Abby
71%
277 A Annabel
71%
158 B Bethany
71%
319 D Diana
71%
112 J Julia
71%
161 N Nora
71%
169 N Norah
71%
390 L Lia
70%
176 M Maddison
70%
119 M Madison
70%
14 M Millie
70%
391 M Milly
70%
150 S Sara
70%
122 S Sarah
70%
197 A Aaliyah
69%
476 A Aleksandra
69%
147 A Alexandra
69%
257 A Alicia
69%
276 A Alicja
69%
148 A Ariana
69%
204 A Arianna
69%
84 L Lucie
69%
23 L Lucy
69%
114 P Penelope
69%
242 A Annabelle
68%
151 C Cara
68%
54 G Gracie
68%
21 H Harper
68%
302 K Kara
68%
360 L Lauren
68%
17 M Mia
68%
95 R Rosa
68%
156 V Victoria
68%
50 A Amber
66%
116 E Eleanor
66%
52 E Elsie
66%
31 E Erin
66%
269 M Maia
66%
177 M Maja
66%
32 M Maya
66%
155 M Mya
66%
336 M Myah
66%
25 S Sofia
66%
11 S Sophia
66%
59 Z Zoe
66%
219 Z Zoey
66%
202 Z Zofia
66%
13 E Evie
65%
6 S Sophie
65%
438 A Aliyah
64%
68 C Cora
64%
101 F Faith
64%
33 G Georgia
64%
355 H Helena
64%
118 I Iris
64%
215 L Laila
64%
29 L Layla
64%
265 L Leila
64%
457 L Leyla
64%
366 O Olive
64%
85 Q Quinn
64%
16 R Rosie
64%
259 C Cassie
63%
377 C Charlie
63%
249 J Jessie
63%
422 N Nicole
63%
243 A Avery
61%
245 C Charley
61%
489 C Charli
61%
382 G Gabriela
61%
106 G Gabriella
61%
108 L Lola
61%
104 R Rebecca
61%
352 E Esmee
60%
453 J Jade
60%
154 J Jasmine
60%
384 J Josephine
60%
263 J Josie
60%
385 K Kallie
60%
63 V Violet
60%
203 A Addison
59%
67 C Callie
59%
408 D Daniella
59%
145 E Edith
59%
261 E Esmae
59%
58 E Esme
59%
81 H Hope
59%
15 M Maisie
59%
235 M Maisy
59%
36 M Mila
59%
228 Z Zahra
59%
62 Z Zara
59%
34 B Bonnie
58%
405 B Brianna
58%
171 C Cali
58%
378 C Christina
58%
445 D Danielle
58%
455 K Kali
58%
194 R Rachel
58%
28 W Willow
58%
283 D Delilah
56%
94 F Florence
56%
140 H Harriet
56%
74 I Imogen
56%
107 L Leah
56%
264 L Leia
56%
83 P Phoebe
56%
26 R Ruby
56%
172 F Francesca
55%
365 N Natalie
55%
198 A April
54%
212 B Belle
54%
199 E Elise
54%
496 G Georgina
54%
287 H Hailey
54%
40 H Hallie
54%
189 H Hayley
54%
111 H Heidi
54%
414 K Kaitlyn
54%
329 L Lila
54%
267 L Lilah
54%
130 L Lyla
54%
460 L Lylah
54%
419 M Madeline
54%
37 P Poppy
54%
434 A Alana
53%
435 A Alanna
53%
157 A Amelie
53%
231 C Ciara
53%
493 E Elyse
53%
181 K Keira
53%
233 K Kiara
53%
416 K Kiera
53%
175 L Lana
53%
61 L Luna
53%
331 M Macey
53%
288 M Maci
53%
251 M Macie
53%
217 M Macy
53%
436 A Alayna
51%
99 A Autumn
51%
146 E Elena
51%
214 E Esther
51%
430 A Adalyn
50%
431 A Adeline
50%
280 A Arla
50%
441 A Aurla
50%
90 A Aurora
50%
173 H Hazel
50%
174 K Kayla
50%
290 N Nia
50%
30 O Orla
50%
423 O Orlah
50%
368 S Samantha
50%
127 B Brooke
49%
323 F Felicity
49%
109 F Flora
49%
299 I India
49%
412 IR Isla-Rose
49%
216 L Lydia
49%
255 N Natalia
49%
89 N Nina
49%
137 P Penny
49%
258 A Alyssa
48%
296 A Aubrey
48%
281 B Beatrice
48%
322 F Fatima
48%
160 L Lena
48%
208 L Liliana
48%
234 LR Lily-Rose
48%
418 L Louise
48%
252 M Maggie
48%
224 M Martha
48%
103 M Matilda
48%
392 N Nancy
48%
292 V Vanessa
48%
282 B Brooklyn
46%
406 C Carly
46%
110 G Georgie
46%
383 J Jorgie
46%
413 J Joy
46%
260 ER Ella-Rose
45%
159 E Eloise
45%
149 H Halle
45%
120 N Naomi
45%
126 R Riley
45%
427 R Ryleigh
45%
76 E Eden
44%
494 E Erica
44%
359 K Kacey
44%
305 L Louisa
44%
349 C Casey
43%
380 EM Ella-Mae
43%
350 E Emelia
43%
45 E Emilia
43%
354 G Gianna
43%
361 M Mackenzie
43%
166 M Megan
43%
274 S Stella
43%
100 A Arabella
41%
403 BR Bella-Rose
41%
131 B Billie
41%
205 C Caitlin
41%
348 C Carmen
41%
179 D Darcey
41%
318 D Darci
41%
124 D Darcie
41%
167 D Darcy
41%
164 F Frankie
41%
411 H Harleigh
41%
80 H Harley
41%
324 H Harlie
41%
141 L Lacey
41%
226 N Nadia
41%
339 R Rosalie
41%
129 S Sadie
41%
429 V Veronica
41%
294 A Ariella
40%
483 AG Ava-Grace
40%
356 I Ida
40%
458 LM Lilly-Mae
40%
459 LM Lily-Mae
40%
72 L Lottie
40%
135 L Lucia
40%
210 A Amira
39%
480 A Amirah
39%
487 C Carrie
39%
351 ER Emily-Rose
39%
247 F Faye
39%
66 L Lexi
39%
266 L Lexie
39%
268 M Mabel
39%
337 N Neave
39%
308 N Neve
39%
57 N Niamh
39%
394 N Nieve
39%
183 P Paisley
39%
51 S Sienna
39%
64 S Summer
39%
65 T Thea
39%
209 A Aisha
38%
440 A Anastasia
38%
442 AR Ava-Rose
38%
374 A Ayesha
38%
63 I Iona
38%
88 M Maeve
38%
397 S Seren
38%
472 A Adriana
36%
241 A Amara
36%
485 B Betsy
36%
162 C Connie
36%
284 E Eliana
36%
447 E Everly
36%
248 H Heather
36%
79 S Scarlett
36%
316 A Amaya
35%
409 E Everleigh
35%
363 M Mirha
35%
222 E Edie
34%
152 E Emmie
34%
286 E Emmy
34%
254 M Marley
34%
225 M Melody
34%
465 M Morgan
34%
393 N Nell
34%
136 N Nova
34%
395 N Novah
34%
133 S Savannah
34%
273 S Serena
34%
186 AR Amelia-Rose
33%
132 A Aoife
33%
123 H Harlow
33%
238 T Taylor
33%
239 T Tilly
33%
373 A Athena
31%
446 ER Esme-Rose
31%
495 F Farrah
31%
353 F Fearne
31%
297 F Fern
31%
448 F Ferne
31%
121 P Paige
31%
428 T Tessa
31%
229 A Anya
30%
139 B Blake
30%
488 C Cecilia
30%
223 M Margot
30%
371 A Alma
29%
304 K Kyla
29%
56 S Skye
29%
399 U Una
29%
407 C Claudia
28%
449 G Genevieve
28%
92 I Indie
28%
500 I Indy
28%
253 M Mara
28%
82 M Mirren
28%
193 P Pippa
28%
195 R Rhea
28%
275 T Talia
28%
93 P Piper
26%
367 R Raya
26%
256 R Robin
26%
46 R Robyn
26%
426 R Rosemary
26%
444 B Beau
25%
187 E Effie
25%
357 J Jamie
25%
142 R River
25%
340 V Valentina
25%
280 A Aurelia
24%
402 A Aya
24%
484 A Ayah
24%
230 B Blair
24%
347 B Blaire
24%
246 E Elodie
24%
312 T Tabitha
24%
341 W Winter
24%
293 W Wynter
24%
86 A Alba
23%
206 C Cleo
23%
328 K Kendall
23%
272 P Payton
23%
184 P Peyton
23%
138 R Rowan
23%
232 D Demi
21%
387 K Kayleigh
21%
191 L Libby
21%
330 L Lois
21%
227 W Wren
21%
240 Z Zainab
21%
313 Z Zuzanna
21%
477 A Alessia
20%
211 A Anaya
20%
295 A Astrid
20%
491 D Dakota
20%
285 E Ember
20%
192 L Lyra
20%
464 M Minnie
20%
236 N Nevaeh
20%
469 S Sylvia
20%
467 N Nyla
19%
78 R Remi
19%
425 R Remy
19%
185 S Skylar
19%
433 A Ailie
18%
289 M Maryam
18%
270 M Miley
18%
463 M Mina
18%
77 M Myla
18%
218 M Mylah
18%
471 T Tiana
18%
170 A Ailsa
16%
200 E Ellis
16%
451 H Honey
16%
301 K Kaia
16%
362 M Malia
16%
401 A Andi
15%
24 E Eilidh
15%
326 K Kady
15%
386 K Kaya
15%
291 R Rae
15%
420 M Maeva
14%
188 F Fiadh
13%
162 M Marnie
13%
271 N Nola
13%
424 P Philippa
13%
470 T Theodora
13%
499 H Hania
11%
298 H Haniya
11%
345 A Arwen
10%
221 C Caoimhe
10%
492 D Dalia
10%
498 H Halima
10%
303 K Keeva
10%
364 M Mirryn
10%
128 O Orlaith
10%
473 A Aine
9%
244 A Ayat
9%
358 J Joni
9%
325 J Juno
9%
309 N Noor
9%
370 Z Zoya
9%
196 S Saoirse
8%
398 S Stevie
8%
474 A Aiza
6%
321 F Fallon
6%
388 K Kiana
6%
306 M Meadow
6%
334 M Milana
6%
182 O Orlagh
6%
311 R Romi
6%
237 R Romy
6%
346 A Ayra
5%
381 E Elspeth
5%
332 M Mairead
5%
475 A Alayah
4%
497 H Hadiya
4%
456 K Khadijah
4%
333 M Mairi
4%
466 M Murren
4%
335 M Murron
4%
338 P Perrie
4%
201 R Reeva
4%
404 B Blossom
3%
490 C Chiara
3%
379 D Dua
3%
262 I Islay
3%
307 M Morven
3%
468 S Sunny
3%
486 B Blythe
1%
317 B Breagha
1%
454 J Jannat
1%
461 M Malak
1%
310 P Pola
1%
342 A Aildh
0%
481 A Antonina
0%
482 A Arwa
0%
452 I Iga
0%
462 M Mhairi
0%
369 V Valia
0%
No matching quizzes found
Score Distribution
Percent of People with Each Score
Percentile by Number Answered
Your Score History
You have not taken this quiz